Cockadoodle-doo, mr sultana! / (Record no. 4450)

MARC details
000 -LEADER
fixed length control field 01228nam a22003017a 4500
001 - CONTROL NUMBER
control field 4450
003 - CONTROL NUMBER IDENTIFIER
control field FISKH
005 - DATE AND TIME OF LATEST TRANSACTION
control field 20240910111008.0
008 - FIXED-LENGTH DATA ELEMENTS--GENERAL INFORMATION
fixed length control field 240910b cb ||||| |||| 00| 0 eng d
020 ## - INTERNATIONAL STANDARD BOOK NUMBER
International Standard Book Number 9780007914821
040 ## - CATALOGING SOURCE
Original cataloging agency FISKH
Language of cataloging eng
Transcribing agency FISKH
Modifying agency FISKH
050 ## - LIBRARY OF CONGRESS CALL NUMBER
Classification number PZ7
082 ## - DEWEY DECIMAL CLASSIFICATION NUMBER
Edition number 823.914
100 ## - MAIN ENTRY--PERSONAL NAME
Personal name Morpurgo, Michael
Dates associated with a name 1943-
245 ## - TITLE STATEMENT
Title Cockadoodle-doo, mr sultana! /
Statement of responsibility, etc. Michael Morpurgo Illustrated by Shoo Rayner
250 ## - EDITION STATEMENT
Edition statement Published in 2012
260 ## - PUBLICATION, DISTRIBUTION, ETC.
Place of publication, distribution, etc. London :
Name of publisher, distributor, etc. HarperCollins ,
Date of publication, distribution, etc. 2012.
300 ## - PHYSICAL DESCRIPTION
Extent 94 pages :
Other physical details illustrations ;
Dimensions 20 cm
505 ## - FORMATTED CONTENTS NOTE
Formatted contents note R<br/><br/>
520 ## - SUMMARY, ETC.
Summary, etc. A rich and greedy sultan meets his match in a VERY cheeky little red rooster... Hilariously wacky tale by bestselling author of War Horse. The rich and greedy sultan loves his jewels more than anything, so when he loses a diamond button he is furious! Especially as a naughty little red rooster seems determined to keep it... A marvellously funny tale by master storyteller, Michael Morpurgo.
521 8# - TARGET AUDIENCE NOTE
Target audience note 770L<br/>
Source Lexile<br/>
521 8# - TARGET AUDIENCE NOTE
Target audience note R<br/>
Source Raz-Plus<br/>
650 ## - SUBJECT ADDED ENTRY--TOPICAL TERM
Source of heading or term Fiction
Topical term or geographic name entry element Donation
Form subdivision Picture book
650 ## - SUBJECT ADDED ENTRY--TOPICAL TERM
Source of heading or term Student
Topical term or geographic name entry element Beginning Level
700 ## - ADDED ENTRY--PERSONAL NAME
Personal name Rayner, Shoo
Dates associated with a name Illustrator
942 ## - ADDED ENTRY ELEMENTS (KOHA)
Source of classification or shelving scheme Dewey Decimal Classification
Koha item type Books
Suppress in OPAC No
Holdings
Withdrawn status Lost status Source of classification or shelving scheme Damaged status Not for loan Collection Home library Current library Shelving location Date acquired Total Checkouts Full call number Barcode Date last seen Copy number Price effective from Koha item type
    Dewey Decimal Classification     Fiction Footprints International School Library Network Toul Kork Campus Footprints International School Library Network Toul Kork Campus   09/10/2024   MOR 823.914 PZ7 2024-1902 09/10/2024 1 09/10/2024 Books